000 00457cam a22001337a 4500
008 180718b1978 xxu||||| |||| 00| 0 eng d
082 _aA81x54 In2/71/6/PT2C/2
100 _aCensus of India 1971
245 _aHaryana: social and cultural tables
260 _aDelhi
_bThe Controller of Publications
_c1978
300 _a159+p.
440 _aCensus of India 1971. Series-6, Haryana. Part-IIC (ii)
500 _aContents: Tables C-I to C-VI and fertility tables
999 _c485043
_d485043